000
00338nam a2200133Ia 4500
008
240624s9999 xx 000 0 und d
041
_a
eng
082
_a
658.382 MIL
100
_a
MILLER REX
245
_a
HEALTHY WORKPLACE NUDGE HOW HEALTHY PEOP
260
_c
2018
_a
New Jersey
_b
Wiley
300
_a
xxi, 296 p.; 23 cm.
365
_c
_b
35
999
_c
31622
_d
31622